NBA Awards - Yellow Box - Statistics

General Stats
  • This quiz has been taken 40 times
    29 since last reset
  • The average score is 162 of 338
Answer Stats
Hint Answer % Correct
2001 MVP Allen Iverson
89%
2011 MVP Derrick Rose
89%
2007 MVP Dirk Nowitzki
89%
2025 DPOY Evan Mobley
89%
2019 MVP Giannis Antetokounmpo
89%
2020 MVP Giannis Antetokounmpo
89%
2018 MVP James Harden
89%
1969 FMVP Jerry West
89%
2023 MVP Joel Embiid
89%
1971 FMVP Kareem Abdul-Jabbar
89%
2014 MVP Kevin Durant
89%
2004 MVP Kevin Garnett
89%
2008 MVP Kobe Bryant
89%
2009 MVP LeBron James
89%
2010 MVP LeBron James
89%
2012 MVP LeBron James
89%
2013 MVP LeBron James
89%
1991 MVP Michael Jordan
89%
1992 MVP Michael Jordan
89%
2021 MVP Nikola Jokic
89%
2022 MVP Nikola Jokic
89%
2024 MVP Nikola Jokic
89%
2017 MVP Russell Westbrook
89%
2025 MVP Shai Gilgeous-Alexander
89%
2000 MVP Shaquille O'Neal
89%
2015 MVP Stephen Curry
89%
2016 MVP Stephen Curry
89%
2005 MVP Steve Nash
89%
2006 MVP Steve Nash
89%
2002 MVP Tim Duncan
89%
2003 MVP Tim Duncan
89%
2015 FMVP Andre Iguodala
78%
1957 MVP Bob Cousy
78%
1956 MVP Bob Pettit
78%
1993 MVP Charles Barkley
78%
2004 FMVP Chauncey Billups
78%
2011 FMVP Dirk Nowitzki
78%
2006 FMVP Dwyane Wade
78%
2020 DPOY Giannis Antetokounmpo
78%
2021 FMVP Giannis Antetokounmpo
78%
1994 MVP Hakeem Olajuwon
78%
1994 FMVP Hakeem Olajuwon
78%
1995 FMVP Hakeem Olajuwon
78%
1990 FMVP Isiah Thomas
78%
1988 FMVP James Worthy
78%
2024 FMVP Jaylen Brown
78%
1989 FMVP Joe Dumars
78%
1985 FMVP Kareem Abdul-Jabbar
78%
1997 MVP Karl Malone
78%
1999 MVP Karl Malone
78%
2014 FMVP Kawhi Leonard
78%
2019 FMVP Kawhi Leonard
78%
2017 FMVP Kevin Durant
78%
2018 FMVP Kevin Durant
78%
2009 FMVP Kobe Bryant
78%
2010 FMVP Kobe Bryant
78%
1984 FMVP Larry Bird
78%
1986 FMVP Larry Bird
78%
2012 FMVP LeBron James
78%
2013 FMVP LeBron James
78%
2016 FMVP LeBron James
78%
2020 FMVP LeBron James
78%
1980 FMVP Magic Johnson
78%
1982 FMVP Magic Johnson
78%
1987 FMVP Magic Johnson
78%
2022 DPOY Marcus Smart
78%
1996 MVP Michael Jordan
78%
1998 MVP Michael Jordan
78%
1991 FMVP Michael Jordan
78%
1992 FMVP Michael Jordan
78%
1993 FMVP Michael Jordan
78%
1996 FMVP Michael Jordan
78%
1997 FMVP Michael Jordan
78%
1998 FMVP Michael Jordan
78%
1983 FMVP Moses Malone
78%
2023 FMVP Nikola Jokic
78%
2008 FMVP Paul Pierce
78%
2021 DPOY Rudy Gobert
78%
2024 DPOY Rudy Gobert
78%
2025 FMVP Shai Gilgeous-Alexander
78%
2000 FMVP Shaquille O'Neal
78%
2001 FMVP Shaquille O'Neal
78%
2002 FMVP Shaquille O'Neal
78%
2022 FMVP Stephen Curry
78%
1999 FMVP Tim Duncan
78%
2003 FMVP Tim Duncan
78%
2005 FMVP Tim Duncan
78%
2007 FMVP Tony Parker
78%
1970 FMVP Willis Reed
78%
1973 FMVP Willis Reed
78%
1958 MVP Bill Russell
67%
1961 MVP Bill Russell
67%
1962 MVP Bill Russell
67%
1963 MVP Bill Russell
67%
1995 MVP David Robinson
67%
2009 DPOY Dwight Howard
67%
2010 DPOY Dwight Howard
67%
2011 DPOY Dwight Howard
67%
1996 DPOY Gary Payton
67%
1994 DPOY Hakeem Olajuwon
67%
2023 DPOY Jaren Jackson Jr.
67%
2014 DPOY Joakim Noah
67%
1980 MVP Kareem Abdul-Jabbar
67%
1984 MVP Larry Bird
67%
1985 MVP Larry Bird
67%
1986 MVP Larry Bird
67%
1987 MVP Magic Johnson
67%
1989 MVP Magic Johnson
67%
1990 MVP Magic Johnson
67%
1988 MVP Michael Jordan
67%
1988 DPOY Michael Jordan
67%
1975 FMVP Rick Barry
67%
2018 DPOY Rudy Gobert
67%
2019 DPOY Rudy Gobert
67%
1960 MVP Wilt Chamberlain
67%
1966 MVP Wilt Chamberlain
67%
1967 MVP Wilt Chamberlain
67%
1968 MVP Wilt Chamberlain
67%
1997 ROY Allen Iverson
56%
1999 DPOY Alonzo Mourning
56%
2000 DPOY Alonzo Mourning
56%
2002 DPOY Ben Wallace
56%
2003 DPOY Ben Wallace
56%
2005 DPOY Ben Wallace
56%
2006 DPOY Ben Wallace
56%
1977 FMVP Bill Walton
56%
1959 MVP Bob Pettit
56%
1990 DPOY Dennis Rodman
56%
1991 DPOY Dennis Rodman
56%
1995 DPOY Dikembe Mutombo
56%
1997 DPOY Dikembe Mutombo
56%
1998 DPOY Dikembe Mutombo
56%
2001 DPOY Dikembe Mutombo
56%
2017 DPOY Draymond Green
56%
1993 DPOY Hakeem Olajuwon
56%
2020 ROY Ja Morant
56%
1974 FMVP John Havlicek
56%
1981 MVP Julius Erving
56%
1971 MVP Kareem Abdul-Jabbar
56%
1972 MVP Kareem Abdul-Jabbar
56%
1974 MVP Kareem Abdul-Jabbar
56%
1976 MVP Kareem Abdul-Jabbar
56%
1977 MVP Kareem Abdul-Jabbar
56%
2015 DPOY Kawhi Leonard
56%
2016 DPOY Kawhi Leonard
56%
2008 DPOY Kevin Garnett
56%
2012 ROY Kyrie Irving
56%
2004 ROY LeBron James
56%
2019 ROY Luka Doncic
56%
2013 DPOY Marc Gasol
56%
1989 DPOY Mark Eaton
56%
1987 DPOY Michael Cooper
56%
1985 ROY Michael Jordan
56%
1993 ROY Shaquille O'Neal
56%
1983 DPOY Sidney Moncrief
56%
1984 DPOY Sidney Moncrief
56%
2025 ROY Stephon Castle
56%
1998 ROY Tim Duncan
56%
1970 MVP Willis Reed
56%
1972 FMVP Wilt Chamberlain
56%
1986 DPOY Alvin Robertson
44%
2018 ROY Ben Simmons
44%
1965 MVP Bill Russell
44%
1978 MVP Bill Walton
44%
2011 ROY Blake Griffin
44%
1975 MVP Bob McAdoo
44%
1981 FMVP Cedric Maxwell
44%
2013 ROY Damian Lillard
44%
1973 MVP Dave Cowens
44%
1992 DPOY David Robinson
44%
2009 ROY Derrick Rose
44%
2010 6MOY Jamal Crawford
44%
2014 6MOY Jamal Crawford
44%
2016 6MOY Jamal Crawford
44%
2008 ROY Kevin Durant
44%
2021 ROY LaMelo Ball
44%
2015 6MOY Lou Williams
44%
2018 6MOY Lou Williams
44%
2019 6MOY Lou Williams
44%
2023 6MOY Malcolm Brogdon
44%
2008 6MOY Manu Ginobili
44%
2007 DPOY Marcus Camby
44%
1985 DPOY Mark Eaton
44%
2014 ROY Michael Carter-Williams
44%
2020 6MOY Montrezl Harrell
44%
1979 MVP Moses Malone
44%
1982 MVP Moses Malone
44%
1983 MVP Moses Malone
44%
2024 6MOY Naz Reid
44%
1964 MVP Oscar Robertson
44%
2002 ROY Pau Gasol
44%
2025 6MOY Payton Pritchard
44%
2004 DPOY Ron Artest
44%
2010 ROY Tyreke Evans
44%
2012 DPOY Tyson Chandler
44%
2024 ROY Victor Wembanyama
44%
1999 ROY Vince Carter
44%
1969 MVP Wes Unseld
44%
1978 FMVP Wes Unseld
44%
2001 6MOY Aaron McKie
33%
2003 ROY Amar'e Stoudemire
33%
2015 ROY Andrew Wiggins
33%
2004 6MOY Antawn Jamison
33%
2005 6MOY Ben Gordon
33%
2003 6MOY Bobby Jackson
33%
2007 ROY Brandon Roy
33%
2006 ROY Chris Paul
33%
2002 6MOY Corliss Williamson
33%
2023 CPOY De'Aaron Fox
33%
1979 FMVP Dennis Johnson
33%
2025 MIP Dyson Daniels
33%
2000 ROY Elton Brand
33%
2005 ROY Emeka Okafor
33%
2017 6MOY Eric Gordon
33%
2025 CPOY Jalen Brunson
33%
2012 6MOY James Harden
33%
1995 ROY Jason Kidd
33%
2009 6MOY Jason Terry
33%
2015 MIP Jimmy Butler
33%
1976 FMVP Jo Jo White
33%
2021 6MOY Jordan Clarkson
33%
2013 6MOY J.R. Smith
33%
2016 ROY Karl-Anthony Towns
33%
2011 6MOY Lamar Odom
33%
2023 MIP Lauri Markkanen
33%
2007 6MOY Leandro Barbosa
33%
2017 ROY Malcolm Brogdon
33%
2001 ROY Mike Miller
33%
2006 6MOY Mike Miller
33%
2023 ROY Paolo Banchero
33%
1986 ROY Patrick Ewing
33%
1984 ROY Ralph Sampson
33%
2022 ROY Scottie Barnes
33%
2000 ROY Steve Francis
33%
2001 MIP Tracy McGrady
33%
2022 6MOY Tyler Herro
33%
2010 MIP Aaron Brooks
22%
1977 ROY Adrian Dantley
22%
1995 6MOY Anthony Mason
22%
1986 6MOY Bill Walton
22%
2005 MIP Bobby Simmons
22%
2006 MIP Boris Diaw
22%
2020 MIP Brandon Ingram
22%
1994 ROY Chris Webber
22%
2016 MIP CJ McCollum
22%
1993 6MOY Clifford Robinson
22%
1996 ROY Damon Stoudamire
22%
2009 MIP Danny Granger
22%
1998 6MOY Danny Manning
22%
1967 ROY Dave Bing
22%
1994 6MOY Dell Curry
22%
1991 ROY Derrick Coleman
22%
1991 6MOY Detlef Schrempf
22%
1992 6MOY Detlef Schrempf
22%
1959 ROY Elgin Baylor
22%
2017 MIP Giannis Antetokounmpo
22%
2003 MIP Gilbert Arenas
22%
2014 MIP Goran Dragic
22%
1995 ROY Grant Hill
22%
2008 MIP Hedo Turkoglu
22%
1975 ROY Jamaal Wilkes
22%
2022 MIP Ja Morant
22%
2002 MIP Jermaine O'Neal
22%
1997 6MOY John Starks
22%
2021 MIP Julius Randle
22%
2011 MIP Kevin Love
22%
1984 6MOY Kevin McHale
22%
1985 6MOY Kevin McHale
22%
1980 ROY Larry Bird
22%
1970 ROY Lew Alcindor
22%
2007 MIP Monta Ellis
22%
2019 MIP Pascal Siakam
22%
2013 MIP Paul George
22%
1948 ROY Paul Hoffman
22%
1966 ROY Rick Barry
22%
2000 6MOY Rodney Rogers
22%
2012 MIP Ryan Anderson
22%
2024 CPOY Stephen Curry
22%
1996 6MOY Toni Kukoc
22%
2024 MIP Tyrese Maxey
22%
2018 MIP Victor Oladipo
22%
1969 ROY Wes Unseld
22%
1960 ROY Wilt Chamberlain
22%
2004 MIP Zach Randolph
22%
1998 MIP Alan Henderson
11%
1950 ROY Alex Groza
11%
1976 ROY Alvan Adams
11%
1986 MIP Alvin Robertson
11%
1952 ROY Bill Tosheff
11%
1983 6MOY Bobby Jones
11%
1973 ROY Bob McAdoo
11%
1955 ROY Bob Pettit
11%
1982 ROY Buck Williams
11%
1987 ROY Chuck Person
11%
1987 MIP Dale Ellis
11%
1995 MIP Dana Barros
11%
1999 6MOY Darrell Armstrong
11%
1999 MIP Darrell Armstrong
11%
1981 ROY Darrell Griffith
11%
1971 ROY Dave Cowens
11%
1990 ROY David Robinson
11%
1994 MIP Don MacLean
11%
1953 ROY Don Meineke
11%
1968 ROY Earl Monroe
11%
1989 6MOY Eddie Johnson
11%
1974 ROY Ernie DiGregorio
11%
1971 ROY Geoff Petrie
11%
1996 MIP Gheorghe Muresan
11%
1949 ROY Howie Shannon
11%
1997 MIP Isaac Austin
11%
2000 MIP Jalen Rose
11%
1964 ROY Jerry Lucas
11%
1988 MIP Kevin Duckworth
11%
1989 MIP Kevin Johnson
11%
1992 ROY Larry Johnson
11%
1993 MIP Mahmoud Abdul-Rauf
11%
1988 ROY Mark Jackson
11%
1956 ROY Maurice Stokes
11%
1952 ROY Mel Hutchins
11%
1989 ROY Mitch Richmond
11%
1961 ROY Oscar Robertson
11%
1951 ROY Paul Arizin
11%
1992 MIP Pervis Ellison
11%
1979 ROY Phil Ford
11%
1954 ROY Ray Felix
11%
1987 6MOY Ricky Pierce
11%
1990 6MOY Ricky Pierce
11%
1990 MIP Rony Seikaly
11%
1988 6MOY Roy Tarpley
11%
1991 MIP Scott Skiles
11%
1972 ROY Sidney Wicks
11%
1983 ROY Terry Cummings
11%
1963 ROY Terry Dischinger
11%
1957 ROY Tom Heinsohn
11%
1962 ROY Walt Bellamy
11%
1978 ROY Walter Davis
11%
1965 ROY Willis Reed
11%
1958 ROY Woody Sauldsberry
11%
No matching quizzes found
Score Distribution
Percent of People with Each Score
Percentile by Number Answered
Your Score History
You have not taken this quiz since the last reset